000 00575nam a2200217Ia 4500
005 20250508164554.0
008 008 250505s9999 xx 000 0 eng d
020 _a0-521-78446-8
037 _aTextual
040 _aFEDL
_beng
_cFEDL
041 _aeng
_2eng
084 _a418, WEI
_qFEDL
100 _aWeigle Sara Cushing
_9778488
245 0 _aAssessing writing
260 _aCambridge
_bCambridge University Press
_c2002
300 _axiv,268p.
365 _aINR
_b1.8
650 _aWriting
942 _cTEXL
_h418, WEI
999 _c1389878
_d1389878